000
00309nam a22001337a 4500
008
181015b xxu||||| |||| 00| 0 eng d
020
_a
9780070408302
041
_a
eng
080
_a
941
100
_a
16
101
_a
his
245
_a
A History Of The Modern World
_c
Palmer.R.R
942
_2
udc
_c
BK
999
_c
49782
_d
49782